00611nam a2200193Ia 4500008004100000020001800041040001800059041000800077100002400085245004700109260009900156300002100255504004200276650002000318650001400338650002400352650002400376650001700400130821s2009 enk gr eng  a9781842779705 aCo-BoUCMbspa00aeng1 aHills, Aliced1950-10aPolicing post-conflict citiescAlice Hills aLondres (Inglaterra)bZed Books Distributed in the USA exclusively by Palgrave Macmillanc2009 ax, 262 páginas aIIncluye bibliografías e índices.04aOrden público04aPolicía04aSeguridad ciudadana04aSeguridad pública04aSociología